[Event "Itzehoe op 3rd"]
[Site "Itzehoe"]
[Date "2024.05.12"]
[Round "7"]
[White "Thomsen, Flemming"]
[Black "Gorbatschow, Bogdan"]
[Result "1-0"]
[WhiteElo "1727"]
[BlackElo "1783"]
[PlyCount "47"]
[EventDate "2024.05.09"]
[EventType "swiss"]
[EventRounds "7"]
[EventCountry "GER"]
[SourceTitle "CBM 220 Extra"]
[Source "ChessBase"]
[SourceDate "2024.07.31"]
[SourceVersion "1"]
[SourceVersionDate "2024.07.31"]
[SourceQuality "1"]

1. b3 Nf6 2. Bb2 Nc6 3. e3 g6 4. c4 e5 5. Ne2 Bg7 6. d4 d6 7. g3 0-0 8. Bg2 Re8 9. Bxc6 bxc6 10. dxe5 Ng4 11. Nd2 Nxe5 12. Bxe5 Bxe5 13. Rc1 c5 14. 0-0 Qf6 15. Nf4 c6 16. Ne4 Qf5 17. Nxd6 Bxd6 18. Qxd6 Bd7 19. Qd3 Qxd3 20. Nxd3 Bf5 21. Nxc5 Re5 22. Na4 Rd8 23. Rcd1 Bd3 24. Nb2 1-0

[Event "Itzehoe op 3rd"]
[Site "Itzehoe"]
[Date "2024.05.11"]
[Round "5"]
[White "Amini, S Sam"]
[Black "Gorbatschow, Bogdan"]
[Result "0-1"]
[WhiteElo "1745"]
[BlackElo "1783"]
[PlyCount "110"]
[EventDate "2024.05.09"]
[EventType "swiss"]
[EventRounds "7"]
[EventCountry "GER"]
[SourceTitle "CBM 220 Extra"]
[Source "ChessBase"]
[SourceDate "2024.07.31"]
[SourceVersion "1"]
[SourceVersionDate "2024.07.31"]
[SourceQuality "1"]

1. e4 c6 2. d4 d5 3. exd5 cxd5 4. Bb5+ Nc6 5. Nf3 Bg4 6. h3 Bxf3 7. Qxf3 e6 8. 0-0 Qb6 9. Nc3 Qxd4 10. Re1 Be7 11. Qg3 Rc8 12. Be3 Qf6 13. Bxa7 Nh6 14. Nxd5 exd5 15. Bc5 Nf5 16. Bxe7 Nfxe7 17. Re2 0-0 18. c3 Nf5 19. Qf3 d4 20. g4 Nd6 21. Qxf6 gxf6 22. Bxc6 Rxc6 23. cxd4 Rc4 24. Rd1 Re8 25. Rxe8+ Nxe8 26. Rd2 Nd6 27. f3 Nb5 28. d5 Rd4 29. Rxd4 Nxd4 30. Kf2 Kf8 31. a3 Ke7 32. Ke3 Nb5 33. a4 Nc7 34. Kd4 Kd6 35. h4 Nxd5 36. Ke4 Ke6 37. f4 b6 38. f5+ Kd6 39. Kd4 Nf4 40. b4 Ng2 41. h5 Kc6 42. a5 bxa5 43. bxa5 Kb5 44. Kd5 Ne3+ 45. Kd6 Nxg4 46. Ke7 h6 47. Kxf7 Kxa5 48. Ke6 Kb4 49. Kd5 Kc3 50. Ke4 Kd2 51. Kf3 Ne3 52. Ke4 Ke2 53. Kf4 Kf2 54. Ke4 Ng4 55. Kf4 Nh2 0-1